Music Quiz

Random Music or Mixed Word Quiz
Score 0/30 Timer 04:00
3 Plays Today
Song with Anagram Word % Correct
Horse with No ManeName
97.9%
Take Me to the PotTop
94.5%
Singed, Sealed, Delivered, I'm YoursSigned
91.5%
Save the Salt Dance for MeLast
90.9%
Had Me a Real Good MiteTime
90.6%
The Folks Who Vile on the HillLive
90.5%
Hungry Like the FowlWolf
90.3%
Wipe That Slime Off Your FaceSmile
88.9%
Runt on the RadioTurn
88.2%
Waiting for My Rats to FallStar
87.1%
Vole Comes QuicklyLove
86.3%
I'm a Salve 4 USlave
86.1%
Wild Wild WetsWest
85.1%
Hole in My HoseShoe
84.6%
Mysterious YawsWays
84.1%
Song with Anagram Word % Correct
Lisp of the TongueSlip
83.8%
Every Little PestStep
83.7%
Santa's BaredBeard
83.5%
Asleep Send Me Someone to LovePlease
83.3%
Girl (Why You Wanna Make Me Lube)Blue
81.9%
Teal in the EveningLate
81.8%
Wedding Song (Ether Is Love)There
79.6%
Love Steak TimeTakes
76.2%
Taser of a ClownTears
74.5%
Peon ArmsOpen
73.4%
Tacos of CarolinaCoast
71.7%
Binge AgainBegin
62.2%
Wild NoseOnes
59.3%
Must of Got LotsLost
57.5%
Predators on my GuitarTeardrops
44%
Remove Ads.
Support Sporcle.
Get the best of Sporcle when you Go Orange. This ad-free experience offers more features, more stats, and more fun while also helping to support Sporcle. Thank you for becoming a member.

You're not logged in!

Compare scores with friends on all Sporcle quizzes.
OR
Log In

Show Comments

Extras

Top Quizzes Today


Score Distribution

Your Account Isn't Verified!

In order to create a playlist on Sporcle, you need to verify the email address you used during registration. Go to your Sporcle Settings to finish the process.

Report this User

Report this user for behavior that violates our Community Guidelines.

Details: